10 Biggest Cities In Cameroon - Statistics

General Stats
  • This quiz has been taken 25 times
  • The average score is 4 of 10
Answer Stats
Population Answer % Correct
1.29M Yaounde
100%
1.33M Douala
91%
394K Bamenda
50%
291K Bafoussam
41%
437K Garoua
41%
320K Maroua
36%
231K Ngaoundere
27%
218K Bertoua
18%
436K Kousseri
5%
275K Mokolo
0%
No matching quizzes found
Score Distribution
Percent of People with Each Score
Percentile by Number Answered
Your Score History
You have not taken this quiz